00929cam a2200253u 450000100060000000300080000600500170001400800390003103500190007004000280008904100080011708200230012510000270014824500770017526001180025230000310037050000200040165000230042170000230044471000310046794200120049899900170051095201480052717242BD-RjUL20211209000117.0140216s1965 enka 001 0 eng a(BD-RjUL)17300 aDLCcCarPdBD-RjULbeng aeng00a668.4225bGOP 19651 aGoodman, Isaac.95316300aPolyesters /cI. Goodman and J. A. Rhys.nvolume I :psaturated polymers aLondon ;bPublished for the Plastics Institute by Iliffe Books ;aNew York :bAmerican Elsevier Pub. Co.,cc1965. a158 p. :billus. ;c23 cm. aIncludes index. 0aPolyesters.9402651 aRhys, J. A.9531642 aPlastics Institute.952006 2ddccBK c17242d17242 00102ddc3V-140718NFICaRUCLbRUCLcReadingd1973-09-06eBook centerg46.20l0o668.4225 GOP 1965r2014-02-16 00:00:00tC-1w2014-02-16yBK